000 00841cam a2200253 4500
001 ABS65264
008 020402n2002 000 0 eng u
035 _a(Sirsi) u117295
100 _aCreasey, S.
245 _aIn need of reinsurance
260 _c2002
490 _aProperty Week
_v67(10) 15 March 2002, 36-37(2)
520 _aInsurance rates have shot up in the aftermath of 11 September. Discusses a report from the Treasury which is expected to grant assurances to the reinsurance market that its increased risks will be offset.
590 _aABS
650 _aREINSURANCE
650 _aINSURANCE RATES
650 _aPOOL RE
650 _aRE-INSURANCE (ACTS OF TERRORISM) ACT 1993
650 _aINSURANCE MARKET
650 _aTERRORISM INSURANCE
650 _aHM TREASURY
690 _aInsurance
_96249
942 _n0
999 _c69879
_d69879